La automatización de los procesos electorales / (Record no. 57386)

MARC details
000 -LEADER
campo de control de longitud fija 00669nam a2200205 4500
001 - NÚMERO DE CONTROL
campo de control 8869
005 - FECHA Y HORA DE LA ÚLTIMA TRANSACCIÓN
campo de control 20230410121054.0
008 - DATOS DE LONGITUD FIJA--INFORMACIÓN GENERAL
campo de control de longitud fija 060907n1998 dr spa
020 ## - NÚMERO INTERNACIONAL ESTÁNDAR DEL LIBRO
Número Internacional Estándar del Libro 9977778222
035 ## - NÚMERO DE CONTROL DEL SISTEMA
-- funglode8942
041 ## - CÓDIGO DE IDIOMA
Código de lengua del texto/banda sonora o título independiente ES
050 14 - SIGNATURA TOPOGRÁFICA DE LA BIBLIOTECA DEL CONGRESO
Número de clasificación JL 966 C961 N. 43
100 ## - ENTRADA PRINCIPAL--NOMBRE DE PERSONA
Nombre de persona Chang Mota, Roberto
245 13 - MENCIÓN DEL TÍTULO
Título La automatización de los procesos electorales /
Mención de responsabilidad, etc. Roberto Chang Mota, Francisco Silvino De Jesús Ferreira Matos
260 ## - PUBLICACIÓN, DISTRIBUCIÓN, ETC.
Lugar de publicación, distribución, etc. San José :
Nombre del editor, distribuidor, etc. Instituto Interamericano de Derechos Humanos ( IIDH ),
Fecha de publicación, distribución, etc. 1998
300 ## - DESCRIPCIÓN FÍSICA
Extensión 102 p.
440 ## - MENCIÓN DE SERIE/PUNTO DE ACCESO ADICIONAL--TÍTULO
Título Cuadernos de Capel: 43
700 ## - ENTRADA AGREGADA--NOMBRE PERSONAL
Nombre de persona Ferreira Matos, Francisco Silvino De Jesus
942 ## - ELEMENTOS DE ENTRADA SECUNDARIOS (KOHA)
Fuente del sistema de clasificación o colocación Clasificación de Library of Congress
Tipo de ítem Koha
Holdings
Estatus retirado Estado de pérdida Fuente del sistema de clasificación o colocación Estado de daño No para préstamo Colección Biblioteca de origen Biblioteca actual Ubicación en estantería Fecha de adquisición Serial enumeration / chronology Signatura topográfica completa Código de barras Visto por última vez Tipo de ítem Koha
    Clasificación de Library of Congress     Ciencias Sociales Biblioteca Juan Bosch Biblioteca Juan Bosch Ciencias Sociales (3er. Piso) 24/10/2018 1 JL 966 C961 N. 43 00000014815 24/10/2018